Možné príležitosti a z nich vyplývajúce riziká penzijnej reformy
Enregistré dans:
| Auteur principal: | |
|---|---|
| Format: | Chapitre de livre |
| Langue: | slovaque |
| Sujets: | |
| Tags: |
Pas de tags, Soyez le premier à ajouter un tag!
|
MARC
| LEADER | 00000naa$a2200000$$$4500 | ||
|---|---|---|---|
| 001 | 0064903 | ||
| 005 | 20240502071750.3 | ||
| 041 | 0 | |a slo | |
| 044 | |a SK | ||
| 245 | 1 | 0 | |a Možné príležitosti a z nich vyplývajúce riziká penzijnej reformy |c Zsolt Simonka |
| 500 | |a Abstrakt | ||
| 610 | 2 | 0 | |a reformy dôchodkové |
| 610 | 2 | 0 | |a dôchodky starobné |
| 610 | 2 | 0 | |a riziko |
| 610 | 2 | 0 | |a poistenie dôchodkové |
| 100 | 1 | |a Simonka, Zsolt, 1974- | |